| 000 | 00635nab a2200181 4500 | ||
|---|---|---|---|
| 001 | 244442 | ||
| 003 | OSt | ||
| 005 | 20240903083548.0 | ||
| 007 | tu | ||
| 008 | 200917s2020||||||| | ||
| 040 |
_aDE-2950 _cDE-2950 |
||
| 245 | 0 | 0 |
_aDer Comic-Brunnen wird dieses Jahr nicht mehr sprudeln _bReparatur. Das beliebte 'Wasserspiel in der Innenstadt bleibt 2024 trocken. Mehrere Umstände zwangen die Stadt, die Anlage stillzulegen/ _cSelim Pekel |
| 264 | _c2024 | ||
| 653 | _aFrankfurt (Oder) | ||
| 653 | _aComic-Brunnen | ||
| 773 | 0 |
_g35. Jahrgang (2024) Nr. 204 vom 31.08.2024, S. 17, mit Foto _tMärkische Oderzeitung |
|
| 942 |
_2z _cA |
||
| 999 |
_c373313 _d373313 |
||